LEADER 03337nam 22005293 450 001 9910917790403321 005 20251116213759.0 010 $a9789819791767 010 $a9819791766 035 $a(CKB)37037002900041 035 $a(MiAaPQ)EBC31849661 035 $a(Au-PeEL)EBL31849661 035 $a(OCoLC)1481595968 035 $a(BIP)119544004 035 $a(BIP)116882829 035 $a(EXLCZ)9937037002900041 100 $a20241221d2024 uy 0 101 0 $aeng 135 $aur||||||||||| 181 $ctxt$2rdacontent 182 $cc$2rdamedia 183 $acr$2rdacarrier 200 10$aPolitics Meets Markets $eLaws and Regulations of China's Financial Markets 205 $a1st ed. 210 1$aSingapore :$cSpringer,$d2024. 210 4$dİ2024. 215 $a1 online resource (194 pages) 225 1 $aContemporary Chinese Civil and Commercial Law Series 311 08$a9789819791750 311 08$a9819791758 330 $aThe book highlights several aspects with 'Chinese characteristics' that set the country's financial system apart. One key element is the significant influence of the Communist Party of China (CPC) on the financial markets. The Party plays a crucial role in shaping and driving policies within the financial sector, reflecting a distinct interplay between politics and finance. Additionally, the book emphasizes the involvement of various authorities within the government, the court system, and the intricate relationship between the courts and the governments in influencing the dynamics of the financial markets. These factors collectively contribute to a distinctive environment that cannot be fully understood through conventional theoretical frameworks. The major analytical points of the book revolve around the intricate triangular relationships among China's politics, financial market rules, and the financial markets themselves. The authors argue that relying solely on any existing school of thoughts is insufficient for comprehending the complexities of China's financial landscape. Instead, the book explores the multifaceted connections between politics, courts, and the financial markets. It delves into how political forces drive the formulation, development, and enforcement of financial market rules, including the roles played by various government bodies and the legal system. Unlike a focus on regulations and rules merely 'on paper,' the book takes a grounded approach by investigating China's financial markets rules in practical terms. By doing so, it seeks to discover the underlying logic behind the unique features of China's financial system, providing a nuanced understanding of the interactions between political forces, legal frameworks, and the financial markets in the Chinese context. 410 0$aContemporary Chinese Civil and Commercial Law Series 606 $aLAW / Civil Law$2bisacsh 606 $aLAW / Comparative$2bisacsh 606 $aLAW / International$2bisacsh 615 7$aLAW / Civil Law 615 7$aLAW / Comparative 615 7$aLAW / International 700 $aHuang$b Tao$01643369 701 $aHe$b Weiping$01058675 801 0$bMiAaPQ 801 1$bMiAaPQ 801 2$bMiAaPQ 906 $aBOOK 912 $a9910917790403321 996 $aPolitics Meets Markets$94303729 997 $aUNINA